• 首页
  • 本馆介绍
  • 公告通知
  • 最新文献
  • 馆藏检索
  • 电子资源
  • 读者导购
  • 参考咨询
  • 我的图书馆
  • 登录
  • 详细信息显示
  • 放入我的书架
  • 预约/预借图书
  • 作者相关作品
  • 分类相关作品
  • 丛书相关作品
  • 出版社相关作品

书目信息

  • 表格格式
  • 工作单格式
  • 卡片格式
题名:
园林植物病虫害防治
    
 
作者: 王润珍 , 王丽君 , 王海荣 主编
分册:  
出版信息: 北京   化学工业出版社  2011.11
页数: 212页
开本: 24cm
丛书名:
单 册:
中图分类: S436.8 , S436.8
科图分类:
主题词: 园林植物--yuan lin zhi wu--病虫害防治
电子资源:
ISBN: 978-7-122-12495-1
000 01015nam0 2200289 45
001 012001001039
005 20131107111512.0
010    @a978-7-122-12495-1@dCNY28.00
099    @aCAL 012012001073
100    @a20111123d2012 em y0chiy50 ea
101 0  @achi
102    @aCN@b110000
105    @ay a 000yy
106    @ar
200 1  @a园林植物病虫害防治@Ayuan lin zhi wu bing chong hai fang zhi@f王润珍, 王丽君, 王海荣主编
210    @a北京@c化学工业出版社@d2011.11
215    @a212页@d24cm
320    @a有书目
330    @a本书分别介绍了园林植物病虫害的识别、园林植物病虫害的发生规律、园林植物病虫害的综合防治、常见园林植物虫害及防治、常见园林植物病害及防治、常用农药简介和禁止使用的农药简介。
606 0  @a园林植物@Ayuan lin zhi wu@x病虫害防治
690    @aS436.8@v4
690    @aS436.8@v5
701  0 @a王润珍@Awang run zhen@4主编
701  0 @a王丽君@Awang li jun@4主编
701  0 @a王海荣@Awang hai rong@4主编
801  0 @aCN@b北京卓展文化@c20191020
905    @b1197407-10@dS436.8@e153@f4
    
    园林植物病虫害防治/王润珍, 王丽君, 王海荣主编.-北京:化学工业出版社,2011.11
    212页;24cm
    
    
    ISBN 978-7-122-12495-1:CNY28.00
    本书分别介绍了园林植物病虫害的识别、园林植物病虫害的发生规律、园林植物病虫害的综合防治、常见园林植物虫害及防治、常见园林植物病害及防治、常用农药简介和禁止使用的农药简介。
●
相关链接 在E读中查询图书 在五车中查询图书 在当当中查询图书 在豆瓣中查询图书


正题名:园林植物病虫害防治     索取号:S436.8/153         预约/预借

序号 登录号 条形码 馆藏地/架位号 状态 备注
1 1197407   211974078   第二样本阅览室/ [索取号:S436.8/153] 在馆    
2 1197408   211974087   第三借阅区/ [索取号:S436.8/153] 在馆    
3 1197409   211974096   第三借阅区/ [索取号:S436.8/153] 在馆    
4 1197410   211974103   第三借阅区/ [索取号:S436.8/153] 在馆    
唐山师范学院图书馆 欢迎您!
大连网信软件有限公司© 版权所有